The hug therapy book / (Record no. 247)

MARC details
000 -LEADER
fixed length control field 00584pam a2200217 a 4500
005 - DATE AND TIME OF LATEST TRANSACTION
control field 20260322212012.0
008 - FIXED-LENGTH DATA ELEMENTS--GENERAL INFORMATION
fixed length control field data
010 ## - LIBRARY OF CONGRESS CONTROL NUMBER
LC control number 82022173
020 ## - INTERNATIONAL STANDARD BOOK NUMBER
International Standard Book Number 0896380653 (pbk.) :
Terms of availability {dollar}7.95
020 ## - INTERNATIONAL STANDARD BOOK NUMBER
International Standard Book Number 9780896380653 (pbk.) :
Terms of availability {dollar}7.95
040 ## - CATALOGING SOURCE
Original cataloging agency DLC
Transcribing agency DLC
Modifying agency DLC
050 00 - LIBRARY OF CONGRESS CALL NUMBER
Classification number BF637.H83
Item number K4 1983
082 00 - DEWEY DECIMAL CLASSIFICATION NUMBER
Classification number 158/.2
Edition information 19
092 ## - LOCALLY ASSIGNED DEWEY CALL NUMBER (OCLC)
Classification number 158.2 K4 1983
001 - CONTROL NUMBER
control field data
100 1# - MAIN ENTRY--PERSONAL NAME
Personal name Keating, Kathleen,
Dates associated with a name 1938-
245 14 - TITLE STATEMENT
Title The hug therapy book /
Statement of responsibility, etc. Kathleen Keating.
260 ## - PUBLICATION, DISTRIBUTION, ETC.
Place of publication, distribution, etc. Minneapolis :
Name of publisher, distributor, etc. CompCare,
Date of publication, distribution, etc. c1983.
300 ## - PHYSICAL DESCRIPTION
Extent [70] p. :
Other physical details ill. ;
Dimensions 16 cm.
650 #0 - SUBJECT ADDED ENTRY--TOPICAL TERM
Topical term or geographic name entry element Hugging.
Holdings
Withdrawn status Lost status Damaged status Not for loan Home library Current library Shelving location Date acquired Total checkouts Full call number Barcode Date last seen Price effective from Koha item type
        Franklin Franklin General stacks 22/03/2026   158/.2 19 BC0010256 22/03/2026 22/03/2026 Books